Comprobantes Digitales

Bibliographic Details
Main Author: Hernǹdez Rodrg̕uez, Jess︢
Format: Unknown
Language:Spanish
Published: Mx̌ico D.F. : Ediciones Fiscales ISEF, 2010
Subjects:
Online Access:http://www.vlex.com/source/10950

MARC

LEADER 00000 a2200000 4500
005 20130328192338.0
007 cr|||| ||||
008 130328e2010 mx |||||s|||| 00||0 spa d
020 |a 978-368-726-539-9 
035 |a 10950 
040 |a vLex 
090 |c 4085  |d 4085 
100 1 0 |a Hernǹdez Rodrg̕uez, Jess︢ 
245 1 0 |a Comprobantes Digitales  |c / Jess︢ Hernǹdez Rodrg̕uez, Mn̤ica Isela Galindo Cosme   |h [Recurso electrn̤ico] 
256 |a Servicio en ln̕ea 
260 |a Mx̌ico D.F. :  |b Ediciones Fiscales ISEF,   |c 2010 
300 |a 1 Recurso electrn̤ico 
506 |a Contenido solo disponible en los productos indicados  |d vLex Global  |d vLex Global (Academic Edition, excluding Law Schools)  |d vLex Global (U.S. Academic Edition, Law Schools)  |d vLex Global (U.S. Academic Edition, excluding Law Schools)  |d vLex Global (Academic Edition, Law Schools) 
650 0 4 |a E-Commerce  |z Mx̌ico 
650 0 4 |a Comercio electrn̤ico  |z Mx̌ico 
650 0 4 |a Derechos en la red 
740 |a vLex Libros (Servicio en ln̕ea) 
856 |a Acceso restringido  |u http://www.vlex.com/source/10950 
942 |c BOOK